Význam ochrany duševného vlastníctva v medzinárodnom podnikaní a možnosti podpory rozvoja a napĺňania podnikateľskej stratégie diplomová práca

Saved in:
Bibliographic Details
Main Author: Maníková, Andrea
Corporate Author: Obchodná fakulta EU. Katedra medzinárodného obchodu
Other Authors: Kittová, Zuzana, 1975-
Format: Book
Language:Slovak
Published: Bratislava 2024
Tags: Add Tag
No Tags, Be the first to tag this record!

MARC

LEADER 00000nbm a2200000 4500
001 0302298
005 20250113101902.4
041 0 |a slo 
044 |a SK 
245 1 0 |a Význam ochrany duševného vlastníctva v medzinárodnom podnikaní a možnosti podpory rozvoja a napĺňania podnikateľskej stratégie  |b diplomová práca  |c Andrea Maníková ; školiteľ: Zuzana Kittová 
264 1 |a Bratislava  |c 2024 
300 |a 64 s. 
100 1 |a Maníková, Andrea 
700 1 |a Kittová, Zuzana, 1975- 
710 2 |a Obchodná fakulta EU. Katedra medzinárodného obchodu